000 01062cam a22003617a 4500
003 CHAP
005 20220817043436.0
008 980506d1996 mx a r 00011 spa d
010 _a75459
011 _a76431
020 _a968834363X
035 _a86016
040 _cCHAP
082 0 4 _a863
_bR3 1996
100 0 0 _aRamos, Luis.
_994526
245 1 0 _aIntramuros
_c/por Luis Arturo Ramos
250 _a2 ed.
260 _aXalapa, Ver. :
_bUniversidad Veracruzana,
_c1996.
300 _a244 p. :
_bilus.
410 _aUniversidad Veracruzana
490 0 _aFicción
590 _aBATCH-UPD
_b10
_c20130110
_lUCH01
_h0526
590 _aBATCH-UPD
_b10
_c20130410
_lUCH01
_h0206
590 _aBATCH-UPD
_b10
_c20130914
_lUCH01
_h1406
590 _aCONVERSION
_b10
_c20130109
_lUCH01
_h1341
650 1 4 _aNovela mexicana.
_982025
810 _aUniversidad Veracruzana
830 0 0 _aFicción
_940708
901 _aBK
905 _aLilia Sánchez G.
942 _cLIBRO
949 _a863 R3 1996
_bBC
_cLIBRO
_d33724000946844
_eLIBRO
_gI. c/e
_h93079
_i86016
_si
_t$50.00
999 _c75459
_d75459